<?xml version="1.0" encoding="UTF-8"?>
<record
    xmlns:xsi="http://www.w3.org/2001/XMLSchema-instance"
    xsi:schemaLocation="http://www.loc.gov/MARC21/slim http://www.loc.gov/standards/marcxml/schema/MARC21slim.xsd"
    xmlns="http://www.loc.gov/MARC21/slim">

  <leader>02129nam a2200277 i 4500</leader>
  <controlfield tag="001">129772</controlfield>
  <controlfield tag="003">ES-MaACL</controlfield>
  <controlfield tag="005">20250803063056.0</controlfield>
  <controlfield tag="007">t|</controlfield>
  <controlfield tag="008">060703m20069999sp           ||||0| spa d</controlfield>
  <datafield tag="020" ind1=" " ind2=" ">
    <subfield code="a">84-96258-61-0</subfield>
  </datafield>
  <datafield tag="040" ind1=" " ind2=" ">
    <subfield code="a">M-BN </subfield>
    <subfield code="b">spa </subfield>
    <subfield code="c">M-BN</subfield>
  </datafield>
  <datafield tag="080" ind1=" " ind2=" ">
    <subfield code="a">1(081) Benjamin, Walter</subfield>
  </datafield>
  <datafield tag="100" ind1="1" ind2=" ">
    <subfield code="a">Benjamin, Walter, </subfield>
    <subfield code="d">1892-1940</subfield>
    <subfield code="9">241507</subfield>
  </datafield>
  <datafield tag="240" ind1="1" ind2="0">
    <subfield code="a">Gesammelte Schriften. </subfield>
    <subfield code="l">Espa&#xF1;ol. </subfield>
    <subfield code="k">Selecci&#xF3;n</subfield>
  </datafield>
  <datafield tag="245" ind1="1" ind2="0">
    <subfield code="a">Obras / </subfield>
    <subfield code="c">Walter Benjamin ; edici&#xF3;n de Rolf Tiedemann y Hermann Schweppenh&#xE8;auser, con la colaboraci&#xF3;n de Theodor W. Adorno y Gershom Scholem ; edici&#xF3;n espa&#xF1;ola al cuidado de Juan Barja, F&#xE9;lix Duque y Fernando Guerrero ; [traducci&#xF3;n, Alfredo Brotons Mu&#xF1;oz].</subfield>
  </datafield>
  <datafield tag="260" ind1=" " ind2=" ">
    <subfield code="a">Madrid : </subfield>
    <subfield code="b">Abada, </subfield>
    <subfield code="c">2006-&lt;2010&gt;</subfield>
  </datafield>
  <datafield tag="300" ind1=" " ind2=" ">
    <subfield code="a">v. &lt;1, pte. 1-2; 2, pte. 1-2 ; 4 pte. 1-2&gt; ; </subfield>
    <subfield code="c">21 cm.</subfield>
  </datafield>
  <datafield tag="505" ind1="8" ind2=" ">
    <subfield code="a">Contiene: libro 1, pte. 1. El concepto de cr&#xED;tica de arte en el Romanticismo alem&#xE1;n; "Las afinidades electivas" de Goethe; El origen del Trauerspiel alem&#xE1;n (459 p.)-- libro 1, pte. 2. La obra de arte en la &#xE9;poca de su reproductibilidad t&#xE9;cnica; Charles Baudelaire, un l&#xED;rico en la &#xE9;poca del altocapitalismo; Sobre el concepto de Historia (364 p.) -- libro 2, pte. 1. Primeros trabajos de cr&#xED;tica de la educaci&#xF3;n y de la cultura; Estudios metaf&#xED;sicos y de filosof&#xED;a de la historia; Ensayos est&#xE9;ticos y literarios (424 p.) -- libro 2, pte.2. Ensayos est&#xE9;ticos y literarios (cont.) ; Fragmentos est&#xE9;ticos ; Conferencias y discursos ; Art&#xED;culos de enciclopedia ; Art&#xED;culos de pol&#xED;tica cultural (436 p.) -- libro 4, parte 1. Charles Baudelaire, "Tableaux parisiens" ; Calle de direcci&#xF3;n &#xFA;nica ; Alemanes ; Infancia en Berl&#xED;n hacia mil novecientos ; Im&#xE1;genes que piensan ; S&#xE1;tiras, pol&#xE9;micas, glosas ; Reportajes (566 p.) - libro 4, parte 2. Art&#xED;culos ilustrados ; Modelos de audici&#xF3;n ; Historias y relatos ; Miscel&#xE1;nea (298 p.)</subfield>
  </datafield>
  <datafield tag="700" ind1="1" ind2=" ">
    <subfield code="a">Tiedemann, Rolf.</subfield>
    <subfield code="9">110227</subfield>
  </datafield>
  <datafield tag="700" ind1="1" ind2=" ">
    <subfield code="a">Schweppenh&#xE8;auser, Hermann.</subfield>
    <subfield code="9">132584</subfield>
  </datafield>
  <datafield tag="700" ind1="1" ind2=" ">
    <subfield code="a">Brotons Mu&#xF1;oz, Alfredo.</subfield>
    <subfield code="9">31954</subfield>
  </datafield>
  <datafield tag="852" ind1=" " ind2=" ">
    <subfield code="a">ES-MaACL</subfield>
    <subfield code="j">P-1994 </subfield>
    <subfield code="b">R.137902</subfield>
  </datafield>
  <datafield tag="999" ind1=" " ind2=" ">
    <subfield code="c">129772</subfield>
    <subfield code="d">129772</subfield>
  </datafield>
  <datafield tag="952" ind1=" " ind2=" ">
    <subfield code="0">0</subfield>
    <subfield code="1">0</subfield>
    <subfield code="4">0</subfield>
    <subfield code="7">0</subfield>
    <subfield code="a">ATENEOM</subfield>
    <subfield code="b">ATENEOM</subfield>
    <subfield code="c">DEPO2</subfield>
    <subfield code="d">2008-01-17</subfield>
    <subfield code="e">SC</subfield>
    <subfield code="l">0</subfield>
    <subfield code="o">P-1994</subfield>
    <subfield code="p">1135127</subfield>
    <subfield code="r">2023-02-23 00:00:00</subfield>
    <subfield code="w">2023-02-23</subfield>
    <subfield code="y">MONOGRAFIA</subfield>
  </datafield>
</record>
